حركة القوميين العرب : (Record no. 7876)
[ view plain ]
| 000 -الفاتح | |
|---|---|
| حقل البيانات ثابتة الطول | 01047cam a22002415a 4500 |
| 003 - محدد رقم الضبط | |
| رقم الضبط | OSt |
| 005 - وقت وتاريخ اخر تعامل مع التسجيلة | |
| رقم الضبط | 20150820145652.0 |
| 008 - عناصر البيانات ثابتة الطول - معلومات عامة | |
| حقل البيانات ثابتة الطول | 090318k20012004le ||||fr|||| 001 0 ara d |
| 040 ## - مصدر الفهرسة | |
| وكالة الفهرسة الأصلية | EG-ScBUE |
| لغة الفهرسة | ara |
| وكالة النسخ | EG-ScBUE |
| 082 04 - رقم تصنيف ديوى العشرى | |
| رقم التصنيف | 320.54 |
| رقم المادة | ح ر ك |
| رقم الطبعة | 22 |
| 245 ## - بيان العنوان | |
| العنوان | حركة القوميين العرب : |
| بقية العنوان | نشأتها وتطورها عبر وثائقها 1951 - 1968 : الكتاب الاول 1951-1961 / |
| بيان المسئوليه,etc | تحرير هاني الهندي ، عبد الإله النصراوي |
| 260 ## - PUBLICATION, DISTRIBUTION, ETC. (IMPRINT) | |
| مكان الناشر او الموزع | بيروت : |
| اسم الناشر او الموزع | مؤسسة الأبحاث العربية ، |
| تاريخ النشر أو التوزيع | 2001-2004. |
| 300 ## - الوصف المادى | |
| التعداد | 4 مج ؛ |
| أبعاد الوعاء | 24 سم. |
| 500 ## - تبصرة عامة | |
| تبصرة عامة | يشتمل على كشاف. |
| 590 ## - تبصرة محلية(RLIN) | |
| تبصرة محلية | doaa mohamed |
| 650 ## - المدخل الاضافى بالموضوع-مصطلح موضوعى | |
| مصطلح موضوعي أو اسم جغرافي كعنصر مدخل | القومية العربية |
| 9 (RLIN) | 13384 |
| مصدر الرأس أو المصطلح | BUEsh |
| 650 ## - المدخل الاضافى بالموضوع-مصطلح موضوعى | |
| مصطلح موضوعي أو اسم جغرافي كعنصر مدخل | الشيوعية |
| 9 (RLIN) | 13590 |
| مصدر الرأس أو المصطلح | BUEsh |
| 651 ## - المدخل الاضافى بالموضوع - اسم جغرافى | |
| 9 (RLIN) | 13700 |
| الاسم الجغرافي | العالم العربي |
| التقسيم الفرعي العام | الأحوال السياسية |
| مصدر الرأس أو المصطلح | BUEsh |
| 653 ## - مصطلح تكشيفى غير مقيد | |
| Resource For college | Arabic Literature |
| Arrived date list | August2015 |
| 700 1# - المدخل الاضافى - اسم شخصى | |
| الإسم الشخصى | الهندي ، هاني |
| 9 (RLIN) | 13461 |
| الدور | تحرير |
| 700 1# - المدخل الاضافى - اسم شخصى | |
| الإسم الشخصى | النصراوي ، عبد الإله |
| 9 (RLIN) | 21534 |
| 942 ## - عناصر المدخل الإضافي( كوها) | |
| Koha [default] item type | Book - Borrowing |
| سابقة رقم الطلب | 320.54 ح ر ك |
| مصدر التصنيف او مخطط الترفيف | Dewey Decimal Classification |
| حالة التراجع | حالة الفقد | مصدر التصنيف او خطة الترفيف | حالة تلف | ليس للاعارة | مجموعات كوها | المكان الدائم | المكان الحالي | موقع الترفيف | تاريخ الاكتساب | رقم الاستدعاء | الباركود | Date last seen | مُعار | التكلفة | نوع الوعاء | تبصرة عامة | Source of acquisition |
|---|---|---|---|---|---|---|---|---|---|---|---|---|---|---|---|---|---|
| Dewey Decimal Classification | Dar Amoag | Central Library | Central Library | First floor | 08/02/2011 | 320.54 ح ر ك | 000009657 | 15/07/2025 | 11/10/2012 | 81.00 | Book - Borrowing | الجزء الأول | |||||
| Dewey Decimal Classification | Dar Amoag | Central Library | Central Library | First floor | 16/12/2010 | 320.54 ح ر ك | 000009658 | 15/07/2025 | 81.00 | Book - Borrowing | الجزء الثاني | ||||||
| Dewey Decimal Classification | Dar Amoag | Central Library | Central Library | First floor | 16/12/2010 | 320.54 ح ر ك | 000009659 | 15/07/2025 | 81.00 | Book - Borrowing | الجزء الثالث | ||||||
| Dewey Decimal Classification | Dar Amoag | Central Library | Central Library | First floor | 16/12/2010 | 320.54 ح ر ك | 000009660 | 15/07/2025 | 81.00 | Book - Borrowing | الجزء الرابع |